[Event "OP-2014-0-03344"]
[Site "LSS email"]
[Date "2014.03.26"]
[Round "?"]
[White "Schalkwijk, Peter H"]
[Black "Pelekis, George"]
[Result "0-1"]
[WhiteElo "1482"]
[BlackElo "800"]
[PlyCount "88"]
[EventDate "2014.03.16"]
[EventType "tourn (corr)"]
[EventRounds "4"]
[EventCountry "GER"]
[SourceTitle "Telechess CBM 167"]
[Source "ChessBase"]
[SourceDate "2015.07.13"]
[SourceVersion "1"]
[SourceVersionDate "2015.07.13"]
[SourceQuality "1"]

1. d4 g6 2. e4 Bg7 3. c4 d6 4. Nc3 e5 5. d5 f5 6. exf5 gxf5 7. Qh5+ Kf8 8. Nf3 Nf6 9. Qh4 Na6 10. Be2 Bd7 11. 0-0 Qe7 12. b4 e4 13. Nd4 Nxb4 14. Rb1 c5 15. Ne6+ Bxe6 16. dxe6 b6 17. a3 Nd3 18. Bh6 Rg8 19. f3 Bxh6 20. Qxh6+ Qg7 21. Qxg7+ Kxg7 22. fxe4 fxe4 23. Rxf6 Kxf6 24. Nxe4+ Kxe6 25. Bxd3 Raf8 26. Rd1 Ke7 27. Ng3 Rg5 28. Bxh7 Rf4 29. Ne4 Rg7 30. Nc3 Rxc4 31. Nd5+ Kf8 32. Bf5 b5 33. g4 a5 34. Nb6 Rd4 35. Rxd4 cxd4 36. Nd5 b4 37. axb4 a4 38. Bb1 Rxg4+ 39. Kf2 Kg7 40. b5 Rh4 41. Kg3 Rh5 42. Ba2 d3 43. Nf4 d2 44. Nxh5+ Kh6 0-1

[Event "RE-2013-0-00135"]
[Site "LSS email"]
[Date "2014.03.15"]
[Round "?"]
[White "Couspeyre, Thierry"]
[Black "Schalkwijk, Peter H"]
[Result "0-1"]
[WhiteElo "1154"]
[BlackElo "1482"]
[PlyCount "86"]
[EventDate "2013.12.21"]
[EventType "tourn (corr)"]
[EventRounds "6"]
[EventCountry "GER"]
[SourceTitle "Telechess CBM 167"]
[Source "ChessBase"]
[SourceDate "2015.07.13"]
[SourceVersion "1"]
[SourceVersionDate "2015.07.13"]
[SourceQuality "1"]

1. e4 Nf6 2. e5 Nd5 3. d4 d6 4. f4 dxe5 5. fxe5 c5 6. c4 Nb4 7. a3 N4c6 8. dxc5 Qxd1+ 9. Kxd1 Nxe5 10. Nc3 Nbc6 11. Bf4 Bf5 12. Be2 e6 13. b4 Nd3 14. Bxd3 Bxd3 15. Nb5 0-0-0 16. Nd6+ Bxd6 17. cxd6 Bxc4 18. Nf3 f6 19. Rc1 b5 20. Nd2 e5 21. Be3 Rxd6 22. Ke1 Bd5 23. Bxa7 Kb7 24. Bc5 Rd7 25. Rg1 Nd8 26. g3 Ne6 27. Be3 Rc8 28. Kf2 Rxc1 29. Rxc1 Rc7 30. Rxc7+ Kxc7 31. Nf3 Bxf3 32. Kxf3 f5 33. Ke2 g5 34. Bc1 Kc6 35. Kd3 Kd5 36. h3 e4+ 37. Kc3 f4 38. gxf4 gxf4 39. a4 bxa4 40. b5 Kc5 41. b6 Kxb6 42. Kb4 Nc5 43. Bxf4 Nd3+ 0-1